[Event "Carlos Torre Memorial op 33rd"]
[Site "Merida"]
[Date "2023.12.18"]
[Round "7"]
[White "Obregon Garcia, Roxangel"]
[Black "Lopez Raygoza, Luis Alberto"]
[Result "0-1"]
[WhiteElo "2108"]
[BlackElo "2161"]
[PlyCount "90"]
[EventDate "2023.12.15"]
[EventType "swiss"]
[EventRounds "9"]
[EventCountry "MEX"]
[SourceTitle "CB52_2023"]
[SourceDate "2023.12.27"]
[SourceVersion "1"]
[SourceVersionDate "2023.12.27"]
[SourceQuality "1"]

1. e4 e5 2. Nf3 Nc6 3. Bb5 Nge7 4. c3 d5 5. d4 exd4 6. Qxd4 Bd7 7. Qe3 dxe4 8. Qxe4 Be6 9. Bg5 Qd5 10. Qxd5 Bxd5 11. Nbd2 f6 12. Bf4 0-0-0 13. 0-0-0 g5 14. Bg3 g4 15. Nh4 Bh6 16. Rhe1 Bxa2 17. Bxc6 Nxc6 18. Nf5 Bxd2+ 19. Rxd2 Rxd2 20. Kxd2 Kd7 21. Bf4 Be6 22. Ne3 Ne5 23. Nc2 Rf8 24. Nd4 Bd5 25. Bxe5 fxe5 26. Rxe5 Bxg2 27. Ke3 Kd6 28. Rg5 c5 29. Nf5+ Kc6 30. Nh4 Re8+ 31. Kf4 Bd5 32. Kxg4 Re2 33. Nf5 Be6 34. Kf3 Rxb2 35. Ne3 a5 36. Re5 Bb3 37. Re8 a4 38. Ra8 b5 39. Kg3 b4 40. cxb4 cxb4 41. f4 a3 42. f5 a2 43. f6 Rb1 44. Nc2 Bxc2 45. f7 Rf1 0-1

[Event "Carlos Torre Memorial op 33rd"]
[Site "Merida"]
[Date "2023.12.17"]
[Round "6"]
[White "Lopez Raygoza, Luis Alberto"]
[Black "Neira Garcia, Llirbel Anei"]
[Result "1-0"]
[WhiteElo "2161"]
[BlackElo "2039"]
[PlyCount "68"]
[EventDate "2023.12.15"]
[EventType "swiss"]
[EventRounds "9"]
[EventCountry "MEX"]
[SourceTitle "CB52_2023"]
[SourceDate "2023.12.27"]
[SourceVersion "1"]
[SourceVersionDate "2023.12.27"]
[SourceQuality "1"]

1. e4 c6 2. Nf3 d5 3. exd5 cxd5 4. Ne5 Nc6 5. Bb5 Bd7 6. Nxd7 Qxd7 7. d4 a6 8. Be2 e6 9. c3 Nf6 10. 0-0 Bd6 11. Bd3 h6 12. Nd2 0-0 13. Nf3 b5 14. Qe2 Qc7 15. Re1 Nd7 16. a4 b4 17. c4 dxc4 18. Bxc4 Nf6 19. Bxa6 Qb6 20. Bc4 Nxd4 21. Nxd4 Qxd4 22. Be3 Qh4 23. h3 Rfc8 24. b3 Bc5 25. Qf3 Bxe3 26. Rxe3 Rd8 27. Rd3 Rac8 28. a5 Rxd3 29. Qxd3 Ne4 30. Qe3 Qf6 31. Ra4 Nc5 32. Rxb4 Qa1+ 33. Bf1 Qxa5 34. Rc4 Ra8 1-0

[Event "Carlos Torre Memorial op 33rd"]
[Site "Merida"]
[Date "2023.12.16"]
[Round "4"]
[White "Lopez Raygoza, Luis Alberto"]
[Black "Forgas Moreno, Yaniela"]
[Result "1/2-1/2"]
[WhiteElo "2161"]
[BlackElo "2260"]
[PlyCount "32"]
[EventDate "2023.12.15"]
[EventType "swiss"]
[EventRounds "9"]
[EventCountry "MEX"]
[SourceTitle "CB52_2023"]
[SourceDate "2023.12.27"]
[SourceVersion "1"]
[SourceVersionDate "2023.12.27"]
[SourceQuality "1"]

1. e4 c5 2. Nf3 d6 3. Bb5+ Nd7 4. 0-0 a6 5. Bd3 Ngf6 6. Re1 b5 7. c4 b4 8. Bc2 Bb7 9. d4 cxd4 10. Qxd4 e5 11. Qd1 Qc7 12. a3 a5 13. Bd2 Qb6 14. Be3 Qc7 15. Bd2 Qb6 16. Be3 Qc7 1/2-1/2

[Event "Carlos Torre Memorial op 33rd"]
[Site "Merida"]
[Date "2023.12.15"]
[Round "1"]
[White "Martinez Alcantara, Jose Eduardo"]
[Black "Lopez Raygoza, Luis Alberto"]
[Result "1-0"]
[WhiteElo "2611"]
[BlackElo "2161"]
[PlyCount "163"]
[EventDate "2023.12.15"]
[EventType "swiss"]
[EventRounds "9"]
[EventCountry "MEX"]
[SourceTitle "CB52_2023"]
[SourceDate "2023.12.27"]
[SourceVersion "1"]
[SourceVersionDate "2023.12.27"]
[SourceQuality "1"]

1. e4 e5 2. Nf3 Nc6 3. Bb5 Nge7 4. Nc3 Ng6 5. d3 Be7 6. Nd5 0-0 7. h4 Nd4 8. h5 Nxb5 9. hxg6 hxg6 10. c4 Nd4 11. Nxd4 exd4 12. Qf3 d6 13. Qg3 c6 14. Nxe7+ Qxe7 15. Bf4 Qe6 16. 0-0-0 Qg4 17. Qh2 Qh5 18. Qxh5 gxh5 19. Bxd6 Rd8 20. Bc7 Re8 21. f3 g6 22. Rh4 Bd7 23. g4 hxg4 24. fxg4 Rac8 25. Bf4 Kg7 26. g5 Re6 27. Rdh1 Kf8 28. c5 Ke7 29. Rf1 Be8 30. Bd6+ Rxd6 31. cxd6+ Kxd6 32. e5+ Kxe5 33. Re4+ Kd5 34. Re7 c5 35. Rxb7 a5 36. Kd2 a4 37. Re1 Rd8 38. b4 axb3 39. axb3 Bd7 40. Rc1 Kc6 41. Ra7 Rh8 42. Rc2 Be6 43. Ra5 Bxb3 44. Rcxc5+ Kd6 45. Rcb5 Rh2+ 46. Ke1 Be6 47. Ra6+ Kc7 48. Re5 Rg2 49. Re4 Rxg5 50. Rxd4 Rg2 51. Ra3 Rc2 52. Kd1 Rc5 53. Kd2 g5 54. Ra7+ Kb6 55. Ra8 g4 56. Rg8 Kc6 57. Ke2 Re5+ 58. Kf2 Rh5 59. Rdd8 Rh3 60. d4 Rf3+ 61. Ke2 Ra3 62. Ke1 Rd3 63. Ke2 Ra3 64. Kd2 Rb3 65. Rg5 Kc7 66. Ra8 Rf3 67. Raa5 Kd6 68. Ra6+ Ke7 69. d5 Bd7 70. Re5+ Kf8 71. d6 Rf6 72. Rg5 Rg6 73. Rxg6 fxg6 74. Ra7 Ke8 75. Ke3 g5 76. Ke4 g3 77. Kf3 Kd8 78. Kxg3 Be6 79. Kf3 Bf5 80. Rg7 g4+ 81. Kf4 Be6 82. Ke5 1-0

[Event "Pan American-ch U20"]
[Site "San Salvador"]
[Date "2015.07.18"]
[Round "4"]
[White "Lopez Raygoza, Luis Alberto"]
[Black "Arias, Daniel1111"]
[Result "1/2-1/2"]
[WhiteElo "2138"]
[BlackElo "2242"]
[PlyCount "63"]
[EventDate "2015.07.16"]
[EventType "swiss"]
[EventRounds "9"]
[EventCountry "ESA"]
[SourceTitle "EXT 2016"]
[Source "ChessBase"]
[SourceDate "2015.10.08"]
[SourceVersion "1"]
[SourceVersionDate "2015.10.08"]
[SourceQuality "1"]

1. e4 c5 2. Nf3 d6 3. Bb5+ Nd7 4. d4 a6 5. Bxd7+ Bxd7 6. 0-0 cxd4 7. Qxd4 e5 8. Qd3 h6 9. c4 Nf6 10. Nc3 Be7 11. Rd1 Qc7 12. b3 Be6 13. a4 0-0 14. Nd2 Nh5 15. Nf1 Qa5 16. Qf3 Nf6 17. Nd5 Nxd5 18. cxd5 Bd7 19. Bd2 Qd8 20. Ng3 Bg5 21. Rac1 Rc8 22. Qd3 Bxd2 23. Qxd2 Qb6 24. Qd3 Rc5 25. h3 Rfc8 26. Rxc5 Rxc5 27. Ne2 Qc7 28. Qe3 b5 29. axb5 Bxb5 30. Rc1 Bxe2 31. Rxc5 Qxc5 32. Qxe2 1/2-1/2

[Event "Guillermo Garcia Memorial op 24th"]
[Site "Santa Clara"]
[Date "2015.06.08"]
[Round "6"]
[White "Lopez Raygoza, Luis Alberto"]
[Black "Guerrero Sierra, Juan Carlos"]
[Result "1/2-1/2"]
[WhiteElo "2124"]
[BlackElo "2234"]
[PlyCount "67"]
[EventDate "2015.06.03"]
[EventType "swiss"]
[EventRounds "9"]
[EventCountry "CUB"]
[SourceTitle "CBM 167 Extra"]
[Source "ChessBase"]
[SourceDate "2015.09.14"]
[SourceVersion "1"]
[SourceVersionDate "2015.09.14"]
[SourceQuality "1"]

1. e4 c5 2. Nf3 d6 3. Bb5+ Nc6 4. 0-0 Nf6 5. e5 dxe5 6. Nxe5 Qd6 7. Nxc6 bxc6 8. Qf3 Bd7 9. Bc4 Bg4 10. Qg3 Qxg3 11. hxg3 e6 12. Nc3 Be7 13. d3 0-0 14. Ne4 Nd5 15. Bg5 f6 16. Bf4 Rfd8 17. f3 Bh5 18. Rfe1 Bf7 19. Bb3 a5 20. a4 Kf8 21. Rad1 h6 22. Bc1 Rd7 23. Nd2 Ra6 24. Nc4 Bd8 25. Re2 g5 26. Bd2 Kg7 27. Be1 Kg6 28. Bf2 Be7 29. Nd2 e5 30. Ne4 Nb6 31. Bxf7+ Kxf7 32. b3 c4 33. bxc4 Nxa4 34. Ra1 1/2-1/2

[Event "Guillermo Garcia Memorial op 24th"]
[Site "Santa Clara"]
[Date "2015.06.07"]
[Round "5"]
[White "Miranda Rodriguez, Tania"]
[Black "Lopez Raygoza, Luis Alberto"]
[Result "0-1"]
[WhiteElo "2217"]
[BlackElo "2124"]
[PlyCount "122"]
[EventDate "2015.06.03"]
[EventType "swiss"]
[EventRounds "9"]
[EventCountry "CUB"]
[SourceTitle "CBM 167 Extra"]
[Source "ChessBase"]
[SourceDate "2015.09.14"]
[SourceVersion "1"]
[SourceVersionDate "2015.09.14"]
[SourceQuality "1"]

1. e4 c5 2. Nf3 Nc6 3. d4 cxd4 4. Nxd4 g6 5. c4 Bg7 6. Be3 Nf6 7. Nc3 0-0 8. Be2 d6 9. 0-0 Bd7 10. Qd2 Nxd4 11. Bxd4 Bc6 12. f3 a5 13. b3 Nd7 14. Be3 Nc5 15. Rab1 e6 16. Rfd1 Be5 17. Bf1 Qe7 18. Nb5 Bxb5 19. cxb5 Rfd8 20. Rbc1 b6 21. Bc4 Bf6 22. Qf2 Bg5 23. a3 d5 24. b4 axb4 25. axb4 Bxe3 26. Qxe3 dxc4 27. bxc5 Rxd1+ 28. Rxd1 Qxc5 29. Qxc5 bxc5 30. Kf1 Rb8 31. Rb1 c3 32. Ke2 c2 33. Rc1 Rxb5 34. Rxc2 Kf8 35. Kd3 Ra5 36. Kc4 Ke7 37. Rd2 Kf6 38. Kb3 h5 39. f4 h4 40. g3 hxg3 41. hxg3 g5 42. Rd7 gxf4 43. gxf4 Ra1 44. Rc7 Rf1 45. e5+ Kg6 46. Rxc5 Rxf4 47. Kc3 Kf5 48. Kd3 Rf3+ 49. Kd4 Rf4+ 50. Kd3 Rf1 51. Ke2 Rh1 52. Ra5 Ke4 53. Ra7 Rh7 54. Ra5 Rh2+ 55. Ke1 Rh5 56. Ra4+ Kf5 57. Ke2 Rh2+ 58. Kf3 Kxe5 59. Ra5+ Kf6 60. Kg3 Rb2 61. Kf3 Rb4 0-1

[Event "Guillermo Garcia Memorial op 24th"]
[Site "Santa Clara"]
[Date "2015.06.03"]
[Round "1"]
[White "Ruiz Aguilar, Pablo Alexander"]
[Black "Lopez Raygoza, Luis Alberto"]
[Result "1/2-1/2"]
[WhiteElo "2283"]
[BlackElo "2124"]
[PlyCount "78"]
[EventDate "2015.06.03"]
[EventType "swiss"]
[EventRounds "9"]
[EventCountry "CUB"]
[SourceTitle "CBM 167 Extra"]
[Source "ChessBase"]
[SourceDate "2015.09.14"]
[SourceVersion "1"]
[SourceVersionDate "2015.09.14"]
[SourceQuality "1"]

1. e4 c5 2. Nf3 Nc6 3. Nc3 g6 4. d4 cxd4 5. Nxd4 Bg7 6. Be3 Nf6 7. Bc4 0-0 8. Bb3 Re8 9. h4 e6 10. Nxc6 bxc6 11. h5 d5 12. e5 Nd7 13. f4 c5 14. Nxd5 exd5 15. Qxd5 Nxe5 16. fxe5 Be6 17. Qxd8 Raxd8 18. hxg6 hxg6 19. 0-0 Bxb3 20. axb3 Rxe5 21. Bf4 Re2 22. Rxa7 Rxc2 23. Be3 f5 24. Rc7 Re8 25. Rf2 Rxb2 26. Rxb2 Bxb2 27. Bxc5 Be5 28. Rd7 Bg3 29. Bf2 Bxf2+ 30. Kxf2 Rb8 31. Rd3 Kf7 32. Ke3 Ke6 33. Kd4 g5 34. Re3+ Kd6 35. Rd3 f4 36. Kc4+ Ke6 37. b4 g4 38. b5 Ke5 39. Rd2 f3 1/2-1/2

[Event "Mexico City Garritas 09th"]
[Site "Mexico City"]
[Date "2014.09.05"]
[Round "1"]
[White "Lopez Raygoza, Luis Alberto"]
[Black "Gongora Montes, Benjamin"]
[Result "1-0"]
[WhiteElo "2104"]
[BlackElo "2118"]
[PlyCount "65"]
[EventDate "2014.09.05"]
[EventType "swiss"]
[EventRounds "5"]
[EventCountry "MEX"]
[SourceTitle "EXT 2018"]
[Source "ChessBase"]
[SourceDate "2017.10.13"]
[SourceVersion "1"]
[SourceVersionDate "2017.10.13"]
[SourceQuality "1"]

1. e4 c5 2. Nf3 d6 3. d4 cxd4 4. Nxd4 Nf6 5. Nc3 e6 6. Bc4 a6 7. Bb3 Be7 8. f4 0-0 9. Qf3 Qc7 10. Be3 Nc6 11. 0-0-0 Na5 12. g4 Nxb3+ 13. axb3 Re8 14. g5 Nd7 15. f5 Ne5 16. Qg2 Bf8 17. h4 b5 18. h5 b4 19. Na4 Bd7 20. g6 exf5 21. gxh7+ Kxh7 22. h6 g6 23. exf5 Nc6 24. fxg6+ fxg6 25. Rhg1 Ne5 26. Rdf1 Bg4 27. Bf4 Bh5 28. Ne6 Nd3+ 29. Kb1 Nxf4 30. Nxf4 Qa5 31. Qb7+ Kxh6 32. Nxh5 Qxh5 33. Rh1 1-0

[Event "Mexico City Garritas 05th"]
[Site "Mexico City"]
[Date "2014.05.03"]
[Round "2"]
[White "Lopez Raygoza, Luis Alberto"]
[Black "Alarcon Morales, Elvira"]
[Result "1/2-1/2"]
[WhiteElo "2145"]
[BlackElo "1959"]
[PlyCount "67"]
[EventDate "2014.05.02"]
[EventType "tourn"]
[EventRounds "5"]
[EventCountry "MEX"]
[SourceTitle "EXT 2018"]
[Source "ChessBase"]
[SourceDate "2017.10.13"]
[SourceVersion "1"]
[SourceVersionDate "2017.10.13"]
[SourceQuality "1"]

1. d4 Nf6 2. Bg5 Ne4 3. Bf4 c5 4. f3 Qa5+ 5. c3 Nf6 6. Nd2 cxd4 7. Nb3 Qb6 8. Qxd4 Nc6 9. Qxb6 axb6 10. Nd4 Nxd4 11. cxd4 d5 12. e3 e6 13. Bd3 Bb4+ 14. Kf2 0-0 15. Ne2 Bd7 16. a3 Be7 17. Nc3 Rfc8 18. Rac1 Ne8 19. Nb5 Rc6 20. Ke2 Kf8 21. Kd2 Ra5 22. Nc3 Nc7 23. Ne2 Ne8 24. Ra1 Rc8 25. Rhc1 b5 26. Rxc8 Bxc8 27. Rc1 Bd7 28. Kc3 Ra8 29. h3 Ra4 30. Bc2 b4+ 31. Kd2 Ra8 32. a4 b5 33. axb5 Bxb5 34. Bb3 1/2-1/2

[Event "Mexico City Estelar Anniv-A 1st"]
[Site "Mexico City"]
[Date "2014.03.09"]
[Round "4"]
[White "Garcia Almaguer, Juan Manuel"]
[Black "Lopez Raygoza, Luis Alberto"]
[Result "1/2-1/2"]
[WhiteElo "2112"]
[BlackElo "2111"]
[PlyCount "89"]
[EventDate "2014.03.07"]
[EventType "tourn"]
[EventRounds "5"]
[EventCountry "MEX"]
[SourceTitle "EXT 2018"]
[Source "ChessBase"]
[SourceDate "2017.10.13"]
[SourceVersion "1"]
[SourceVersionDate "2017.10.13"]
[SourceQuality "1"]

1. d4 Nf6 2. c4 e6 3. Nf3 d5 4. g3 dxc4 5. Qa4+ Bd7 6. Qxc4 Bc6 7. Bf4 Bd6 8. Bxd6 cxd6 9. Nbd2 0-0 10. Bg2 Qa5 11. 0-0 Bb5 12. Qb3 Qa6 13. Rfe1 d5 14. a4 Bd7 15. e4 dxe4 16. Nxe4 Nxe4 17. Rxe4 Bc6 18. Rh4 Nd7 19. Bf1 Qa5 20. Qc2 h6 21. b4 Qd8 22. Qd3 Qf6 23. Rf4 Qe7 24. b5 Bd5 25. Qe3 Rac8 26. h4 Nf6 27. Re1 Rc7 28. Ne5 b6 29. Bd3 Rfc8 30. g4 Ba8 31. g5 hxg5 32. hxg5 Nd5 33. Qh3 g6 34. Rg4 Rc1 35. Rf1 Rxf1+ 36. Bxf1 Qf8 37. Bg2 Rc1+ 38. Kh2 Rc3 39. Rg3 Nf4 40. Nd7 Nxh3 41. Nxf8 Rxg3 42. Kxg3 Kxf8 43. Kxh3 Bd5 44. Bxd5 exd5 45. Kg4 1/2-1/2

[Event "Mexico City Garritas-A 02nd"]
[Site "Mexico City"]
[Date "2014.02.26"]
[Round "5"]
[White "Alarcon Morales, Elvira"]
[Black "Lopez Raygoza, Luis Alberto"]
[Result "1/2-1/2"]
[WhiteElo "1921"]
[BlackElo "2091"]
[PlyCount "54"]
[EventDate "2014.02.24"]
[EventType "tourn"]
[EventRounds "5"]
[EventCountry "MEX"]
[SourceTitle "EXT 2018"]
[Source "ChessBase"]
[SourceDate "2017.10.13"]
[SourceVersion "1"]
[SourceVersionDate "2017.10.13"]
[SourceQuality "1"]

1. e4 c5 2. Nf3 d6 3. d4 cxd4 4. Nxd4 Nf6 5. Nc3 g6 6. Be3 Bg7 7. f3 a6 8. Qd2 h5 9. 0-0-0 Nbd7 10. Nb3 b5 11. Nd5 Bb7 12. Na5 Bxd5 13. exd5 Qc7 14. Nc6 Nxd5 15. Bxb5 Nxe3 16. Qxe3 e5 17. Nxe5 axb5 18. Nxg6+ Ne5 19. Nxh8 0-0-0 20. Nxf7 Qxf7 21. Qa3 Kb7 22. Rxd6 Rxd6 23. Qxd6 Qxa2 24. Qe7+ Kb6 25. Qxg7 Qa1+ 26. Kd2 Nc4+ 27. Ke2 Qxh1 1/2-1/2

[Event "Mexico City Garritas-A 02nd"]
[Site "Mexico City"]
[Date "2014.02.25"]
[Round "2"]
[White "Lopez Raygoza, Luis Alberto"]
[Black "Luna Javier, Edgar Froylan"]
[Result "1-0"]
[WhiteElo "2091"]
[BlackElo "1885"]
[PlyCount "87"]
[EventDate "2014.02.24"]
[EventType "tourn"]
[EventRounds "5"]
[EventCountry "MEX"]
[SourceTitle "EXT 2018"]
[Source "ChessBase"]
[SourceDate "2017.10.13"]
[SourceVersion "1"]
[SourceVersionDate "2017.10.13"]
[SourceQuality "1"]

1. d4 Nf6 2. c4 c5 3. d5 b5 4. cxb5 a6 5. f3 axb5 6. e4 Ba6 7. e5 Ng8 8. Na3 Qb6 9. f4 e6 10. Nf3 Ne7 11. dxe6 dxe6 12. Qb3 b4 13. Nc4 Bxc4 14. Bxc4 Nbc6 15. 0-0 Na5 16. Qa4+ Nec6 17. Be3 Be7 18. Bd3 0-0 19. Qc2 h6 20. Qf2 Rfd8 21. Rfd1 Ra7 22. Bc2 Rad7 23. Rxd7 Rxd7 24. f5 exf5 25. Bxf5 Rd8 26. Qg3 Kh8 27. e6 fxe6 28. Be4 g5 29. Qh3 Kg7 30. Qxe6 Rd6 31. Qf5 Qd8 32. Qh7+ Kf8 33. Bg6 Rxg6 34. Qxg6 Qd6 35. Qf5+ Ke8 36. Bf2 Qf4 37. Qc8+ Kf7 38. Re1 Qf6 39. Bg3 Nd4 40. Nxd4 Qxd4+ 41. Kh1 Qd5 42. Be5 Nc4 43. Rf1+ Kg6 44. Qe8+ 1-0